Programming computer vision with Python / (Record no. 20466)

MARC details
000 -LEADER
fixed length control field 01152cam a22003497a 4500
001 - CONTROL NUMBER
control field 17458938
003 - CONTROL NUMBER IDENTIFIER
control field OSt
005 - DATE AND TIME OF LATEST TRANSACTION
control field 20240710105833.0
008 - FIXED-LENGTH DATA ELEMENTS--GENERAL INFORMATION
fixed length control field 120911s2012 caua b 001 0 eng d
010 ## - LIBRARY OF CONGRESS CONTROL NUMBER
LC control number 2012405952
016 7# - NATIONAL BIBLIOGRAPHIC AGENCY CONTROL NUMBER
Record control number 016039579
Source Uk
020 ## - INTERNATIONAL STANDARD BOOK NUMBER
International Standard Book Number 1449316549
035 ## - SYSTEM CONTROL NUMBER
System control number (OCoLC)ocn773668236
040 ## - CATALOGING SOURCE
Original cataloging agency BTCTA
Language of cataloging eng
Transcribing agency BTCTA
Modifying agency UKMGB
-- BDX
-- SINLB
-- YDXCP
-- BWX
-- DEBBG
-- CDX
-- OCLCO
-- DLC
042 ## - AUTHENTICATION CODE
Authentication code lccopycat
050 00 - LIBRARY OF CONGRESS CALL NUMBER
Classification number TA1634
Item number .S65 2012
082 04 - DEWEY DECIMAL CLASSIFICATION NUMBER
Classification number 005.3/7
Edition number 23
084 ## - OTHER CLASSIFICATION NUMBER
Classification number DAT 366f
Number source stub
084 ## - OTHER CLASSIFICATION NUMBER
Classification number DAT 760f
Number source stub
100 1# - MAIN ENTRY--PERSONAL NAME
Personal name Solem, Jan Erik.
245 10 - TITLE STATEMENT
Title Programming computer vision with Python /
Statement of responsibility, etc. Jan Erik Solem.
246 0# - VARYING FORM OF TITLE
Display text Subtitle on cover:
Title proper/short title Tools and algorithms for analyzing images
260 ## - PUBLICATION, DISTRIBUTION, ETC. (IMPRINT)
Place of publication, distribution, etc. Sebastopol, CA :
Name of publisher, distributor, etc. O'Reilly,
Date of publication, distribution, etc. 2012.
300 ## - PHYSICAL DESCRIPTION
Extent xii, 247 p.
504 ## - BIBLIOGRAPHY, ETC. NOTE
Bibliography, etc Includes bibliographical references (p. 239-241) and index.
650 #0 - SUBJECT ADDED ENTRY--TOPICAL TERM
Topical term or geographic name as entry element Computer vision.
650 #0 - SUBJECT ADDED ENTRY--TOPICAL TERM
Topical term or geographic name as entry element Python (Computer program language)
650 #0 - SUBJECT ADDED ENTRY--TOPICAL TERM
Topical term or geographic name as entry element Computer algorithms.
906 ## - LOCAL DATA ELEMENT F, LDF (RLIN)
a 7
b cbc
c copycat
d 2
e ncip
f 20
g y-gencatlg
942 ## - ADDED ENTRY ELEMENTS (KOHA)
Source of classification or shelving scheme Library of Congress Classification
Koha item type General Collection
Holdings
Withdrawn status Lost status Source of classification or shelving scheme Not for loan Home library Current library Date acquired Cost, normal purchase price Total Checkouts Full call number Barcode Date last seen Price effective from Koha item type
    Library of Congress Classification   Kabarak, Main Campus Kabarak, Main Campus 10/07/2024 8027.00   TA1634 .S65 2012 c.1 34016 10/07/2024 10/07/2024 General Collection
Designed with assistance from East African Informatics Ltd